|
|
|
|
| LEADER |
00000nab a2200000 a 4500 |
| 001 |
vtls009277560 |
| 003 |
SK-MaSNL |
| 005 |
20260304053304.0 |
| 008 |
141024c2008 xo |||||||| 000 b|hun |
| 015 |
|
|
|a SNBRB2008/03
|2 snkbucl
|
| 038 |
|
|
|a SNKBUCL
|
| 040 |
|
|
|a DSZK
|b slo
|c DSZK
|e AACR2
|
| 041 |
0 |
|
|a hun
|
| 044 |
|
|
|a xo
|c SK
|
| 080 |
|
|
|a 821.511.141-32=511.141
|2 1997
|
| 100 |
1 |
|
|a Vajda, János,
|d 1827-1897
|4 aut
|9 161871
|
| 245 |
1 |
0 |
|a Emlékek 1848-ból
|c Vajda János
|
| 650 |
0 |
7 |
|a literárne memoáre, maďarské
|x úryvky
|2 snkbucl
|9 854280
|
| 773 |
0 |
|
|t Katedra
|g Évf. XV, sz. 7 (2008), o. 6
|x 1335-6445
|
| 852 |
|
|
|a SNK
|b KIS3GCP
|
| 852 |
|
|
|a DSZK
|b KIS3GCP
|
| 958 |
|
|
|a HU
|
| 958 |
|
|
|a LX
|
| 999 |
|
|
|c 2712708
|d 2714638
|